Mesketéivel mőfajt teremtett N. Tóth Anikó eddig két kötettel gazdagította a (cseh)szlovákiai magyar gyermekirodalmat

Bibliographic Details
Main Author: Kocur, László, 1977- (Author)
Format: Article
Language:Hungarian
Slovak
PhysicalDescription:Fotogr.
Subjects:

MARC

LEADER 00000nab a2200000 a 4500
001 vtls000771716
003 SK-MaSNL
005 20260319075231.0
008 160314c2001 xo 0 hun
015 |a SNBRB2001/10-30234 
035 |a CLN000123503 
040 |a SNKBUCL  |b slo  |c SNKBUCL  |e AACR2 
041 0 |a slo 
044 |a xo  |c SK 
080 |a 82.09:894.511 (437.6)-3(087.5)  |2 UDC-MRF-SK2 
080 |a 894.511 (437.6)-3(087.5).09  |2 UDC-MRF-SK2 
100 1 |a Kocur, László,  |d 1977-  |4 aut  |9 111402 
245 1 0 |a Mesketéivel mőfajt teremtett  |b N. Tóth Anikó eddig két kötettel gazdagította a (cseh)szlovákiai magyar gyermekirodalmat  |c Kocur László 
300 |b Fotogr. 
600 1 7 |a Tóth, Anikó N.,  |d 1967-  |t Tamarindusz  |2 snkbucl  |9 866142 
600 1 7 |a Tóth, Anikó N.,  |d 1967-  |t Alacindruska  |2 snkbucl  |9 866143 
655 7 |a kritika a interpretácie  |2 SNKPH  |9 360040 
773 0 |t Új szó  |g Roč. 54, č. 208 (10.9.2001), s. 6 
850 |a Slovenská národná knižnica v Martine 
852 |a SNK  |b KIS3GCP 
958 |a HU 
958 |a LX 
958 |a SK 
958 |a RBX 
999 |c 1385213  |d 1387143